Pages de début (notice n° 2060640)
[ vue normale ]
| 000 -LEADER | |
|---|---|
| fixed length control field | 01164cam a2200157 4500500 |
| 005 - DATE AND TIME OF LATEST TRANSACTION | |
| control field | 20260405002735.0 |
| 041 ## - LANGUAGE CODE | |
| Language code of text/sound track or separate title | fre |
| 042 ## - AUTHENTICATION CODE | |
| Authentication code | dc |
| 100 10 - MAIN ENTRY--PERSONAL NAME | |
| Personal name | Masset, Claude |
| Relator term | author |
| 245 00 - TITLE STATEMENT | |
| Title | Pages de début |
| 260 ## - PUBLICATION, DISTRIBUTION, ETC. | |
| Date of publication, distribution, etc. | 2026.<br/> |
| 500 ## - GENERAL NOTE | |
| General note | 86 |
| 520 ## - SUMMARY, ETC. | |
| Summary, etc. | L’article porte sur un dispositif de formation continue d’enseignants de cycle 3 à l’enseignement de l’orthographe. La formation propose trois situations pour la classe à même de favoriser le transfert progressif des connaissances grammaticales des élèves vers la production écrite, en privilégiant l’observation linguistique, la verbalisation métagraphique et le raisonnement grammatical : les corpus d’apprentissage, la phrase dictée ciblée, la production d’écrits courts. En formation, les enseignants vivent les situations proposées aux élèves et sont amenés à questionner les notions linguistiques, les compétences en jeu et les gestes professionnels efficaces. |
| 786 0# - DATA SOURCE ENTRY | |
| Note | L'Information géographique | 90 | 1 | 2026-03-04 | p. 1-10 | 0020-0093 |
| 856 41 - ELECTRONIC LOCATION AND ACCESS | |
| Uniform Resource Identifier | <a href="https://shs.cairn.info/revue-linformation-geographique-2026-1-page-1?lang=fr&redirect-ssocas=7080">https://shs.cairn.info/revue-linformation-geographique-2026-1-page-1?lang=fr&redirect-ssocas=7080</a> |
Pas d'exemplaire disponible.




Réseaux sociaux